LEADER 01422nlm0 2200313 450 001 000027758 005 20131029115823.0 100 $a20100923d2008----km-y0itay50------ba 101 0 $aita 102 $aIT 105 $a--------001cy 135 $adoug----uuuuu 200 1 $a<>nuovo sistema di telerilevamento del movimento per la prevenzione e la riabilitazione del trauma sportivo$brisorsa elettronica$ftesi di dottorato di: Valeria Agosti$gtutor: Giuseppe Sorrentino 210 $aNapoli$d2008 215 $a1 disco ottico (CD-ROM)$d12 cm 230 $aDati testuali (1 file : 3027 Kb) 304 $aTit. dell'etichetta 314 $aCoordinatore: Giuseppe Sorrentino 328 $aTesi di dottorato. Scienze del movimento umano e della salute, [2007-2008] (21. ciclo) : Università degli studi di Napoli "Parthenope" 337 $aRequisiti minimi del sistema: Windows 500 10$a<>nuovo sistema di telerilevamento del movimento per la prevenzione e la riabilitazione del trauma sportivo$941750 610 1 $aTraumatologia sportiva 676 $a617.1027$v21$9Lesioni da sport 700 1$aAgosti,$bValeria$0633917 801 0$aIT$bUNIPARTHENOPE$gRICA$2UNIMARC 912 $a000027758 951 $aTesi Dottorato CD-ROM/10$bs.i.$cNAVA1$d20100923 996 $aNuovo sistema di telerilevamento del movimento per la prevenzione e la riabilitazione del trauma sportivo$941750 997 $aUNIPARTHENOPE LEADER 00958nam0-22003131i-450 001 990004671100403321 005 20241112105034.0 035 $a000467110 035 $aFED01000467110 035 $a(Aleph)000467110FED01 035 $a000467110 100 $a19990604g19769999km-y0itay50------ba 101 0 $aita 105 $af-------00--- 200 1 $aSocrate et le sage indien$eCheminements vers la sagesse$fRoger Godel 210 $aParis$cLes Belles Lettres$d1976. 215 $a217 p., <1> tav.$d20 cm 610 0 $aSocrate$aStudi 610 0 $aSAGGEZZA INDIANA E SAGGEZZA SOCRATICA$aAFFINITA' 610 0 $aBRAHMANESIMO E FILOSOFIA SOCRATICA 610 0 $aFilosofia greca antica 700 1$aGodel,$bRoger$0159940 801 0$aIT$bUNINA$gRICA$2UNIMARC 901 $aBK 912 $a990004671100403321 952 $a183.2 P.1 SOCR/S 060$bIst.Fil.Cl.1851$fFLFBC 959 $aFLFBC 996 $aSocrate et le sage indien$9489156 997 $aUNINA